|
|
|
|
| LEADER |
00000nam0a2200000 4500 |
| 001 |
319611 |
| 005 |
20231102003210.0 |
| 035 |
|
|
|a (RuTPU)RU\TPU\book\345120
|
| 090 |
|
|
|a 319611
|
| 100 |
|
|
|a 20160603d1949 km y0rusy50 ca
|
| 101 |
0 |
|
|a rus
|
| 102 |
|
|
|a RU
|
| 105 |
|
|
|a a z 001zy
|
| 200 |
1 |
|
|a Паровые и электрические краны на железнодорожном ходу. Их эксплоатация на электрических станциях
|
| 210 |
|
|
|a Ленинград
|a Москва
|c Госэнергоиздат
|d 1949
|
| 215 |
|
|
|a 104 с.
|c ил.
|
| 320 |
|
|
|a Библиогр.: с. 104
|
| 606 |
1 |
|
|a Электрические краны
|x Эксплуатация
|2 stltpush
|3 (RuTPU)RU\TPU\subj\26966
|9 50788
|
| 610 |
1 |
|
|a грейферные механизмы
|
| 610 |
1 |
|
|a паровые краны
|
| 610 |
1 |
|
|a паровые котлы
|
| 610 |
1 |
|
|a арматура
|
| 610 |
1 |
|
|a паровые машины
|
| 610 |
1 |
|
|a передаточные механизмы
|
| 610 |
1 |
|
|a ходовая часть
|
| 610 |
1 |
|
|a управление
|
| 610 |
1 |
|
|a обслуживание
|
| 610 |
1 |
|
|a техника безопасности
|
| 675 |
|
|
|a 621.873-83
|v 4
|
| 700 |
|
1 |
|a Хейфец
|b С. Х.
|
| 801 |
|
1 |
|a RU
|b 63413507
|c 20160603
|
| 801 |
|
2 |
|a RU
|b 63413507
|c 20200326
|g RCR
|
| 942 |
|
|
|c BK
|